Culture Générale - Série 2674 - Statistiques

Statistiques générales
  • Ce quiz a été pris 89 fois
  • Le résultat moyen est 6 sur 10
Statistiques - réponses
Question Réponse % Correct
Au poker : réunion de trois cartes de même valeur. brelan
79%
Quel arbre est représenté sur le drapeau du Liban ? cèdre
77%
Dans quel pays peut-on admirer l'imposant monolithe Uluru ou Ayers Rock ? voir photo Australie
70%
À quel pays est rattachée l'île de Pâques ? Chili
67%
De quel pays Podgorica est-elle la capitale ? Monténégro
66%
Dans quel jeu télévisé fallait-il éviter de tirer des boules noires ? motus
64%
Dans quelle ville se déroule chaque année le Festival interceltique ? Lorient
59%
De quel fruit la guigne est-elle une variété ? cerise
51%
Quel pays a pour monnaie le shékel ? Israël
45%
Papier-monnaie émis en France sous la Révolution assignat
15%
Aucun quiz correspondant
Distribution des résultats
% des personnes avec chaque résultat
Percentile par nombre de réponses
Votre historique - résultats
Vous n’avez pas pris ce quiz